| 000 | 00715nam a2200217 i 4500 | ||
|---|---|---|---|
| 001 | 107367 | ||
| 003 | ES-MaACL | ||
| 005 | 20250930063110.0 | ||
| 007 | t| | ||
| 008 | 070110s1966 sp ||||1| spa d | ||
| 100 | 1 |
_aMoragas, Jerónimo de, _d1901-1965 _982915 |
|
| 245 | 1 | 3 |
_aEl hombre y los demás / _cJerónimo de Moragas ; traducción de Elena Elizalde. |
| 260 |
_aBarcelona : _bJuventud, _c1966. |
||
| 300 |
_a182 p. ; _c19 cm. |
||
| 490 | 1 |
_aColección Destino Dios ; _v9 |
|
| 650 | 7 |
_aRelaciones interpersonales _2embne _9164022 |
|
| 700 | 1 |
_aElizalde, Elena. _947007 |
|
| 830 | 0 |
_aColección Destino Dios ; _v9 _9231244 |
|
| 852 |
_aES-MaACL _jC-30463 _bR.59953 |
||
| 999 |
_c107367 _d107367 |
||